000 005170000a22001810004500
020 _a8423-0631-5
041 0 _aENG
082 0 4 _aG 649.64 D6351d
100 1 _aDobson, James C. (1936-)
245 1 0 _aDare to discipline : A psychologist offers urgent advice to parents and teachers / James Dobson
260 _aWheaton, ILL., USA : Tyndale
300 _a224 Pag
001 11938
942 _cBK
999 _c40991
_d40991
336 _atexto
_btxt
_2rdacontent
337 _2rdamedia
_asin mediación
_bn
338 _2rdacarrier
_avolumen
_bnc